[Event "Campeonato del Mundo sub-20 2010"]
[Site "Chotowa POL"]
[Date "2010.08.05"]
[Round "3.18"]
[White "Blomqvist, Erik"]
[Black "Martinovic, Sasa"]
[Result "1-0"]
[WhiteElo "2407"]
[BlackElo "2505"]
[PlyCount "75"]
[EventDate "2010.08.03"]
[EventType "swiss"]
[EventRounds "13"]
[EventCountry "POL"]
[Source "lmi"]
[SourceDate "2010.08.03"]

1. e4 e6 2. d4 d5 3. Nc3 Bb4 4. e5 b6 5. a3 Bxc3+ 6. bxc3 Qd7 7. Qg4 f5 8. Qg3
Ba6 9. Bxa6 Nxa6 10. Ne2 Kf7 11. a4 Ne7 12. Qd3 Nb8 13. h4 c5 14. h5 h6 15. a5
Nbc6 16. axb6 axb6 17. Rb1 Qc7 18. O-O Rhc8 19. Be3 Na5 20. dxc5 bxc5 21. Rb5
c4 22. Qd2 Nac6 23. f4 Rcb8 24. Rfb1 Rxb5 25. Rxb5 Ra1+ 26. Kf2 Qc8 27. Rb6 Qa8
28. Bc5 Qa5 29. Qe3 Rh1 30. Rb7 Qa1 31. Ng3 d4 32. cxd4 Rc1 33. d5 Rxc2+ 34.
Ne2 exd5 35. Bxe7 Qa8 36. Qb6 Nxe7 37. e6+ Kf6 38. Qd4+ 1-0

[Event "Campeonato del Mundo sub-20 2010"]
[Site "Chotowa POL"]
[Date "2010.08.05"]
[Round "3.19"]
[White "Volodin, Aleksandr"]
[Black "Lalith, Babu Musunuri Rohit"]
[Result "1/2-1/2"]
[WhiteElo "2422"]
[BlackElo "2502"]
[PlyCount "118"]
[EventDate "2010.08.03"]
[EventType "swiss"]
[EventRounds "13"]
[EventCountry "POL"]
[Source "lmi"]
[SourceDate "2010.08.03"]

1. d4 Nf6 2. c4 e6 3. Nc3 Bb4 4. e3 d5 5. Qa4+ Nc6 6. Bd2 O-O 7. Nf3 dxc4 8.
Bxc4 Bd6 9. Be2 e5 10. d5 Ne7 11. e4 Ng6 12. Nb5 Bd7 13. Qc2 a6 14. Nxd6 cxd6
15. O-O Rc8 16. Qb1 h6 17. Re1 Qb6 18. h3 Bb5 19. Be3 Qa5 20. b4 Qa3 21. Bc1
Qc3 22. a4 Bxe2 23. Rxe2 Qc4 24. Re1 Nh5 25. g3 Ne7 26. g4 Nf4 27. Bxf4 exf4
28. Kg2 Ng6 29. Rc1 Qe2 30. Re1 Qc2 31. Rc1 Qxb1 32. Raxb1 Rfe8 33. Rxc8 Rxc8
34. a5 Nf8 35. b5 Nd7 36. bxa6 bxa6 37. Rb7 Nc5 38. Rb4 g6 39. Nd2 Nd3 40. Rb3
Ne5 41. Nf3 Nc4 42. Rb4 Rc5 43. Nd4 Kg7 44. Nb3 Rc7 45. Nd4 Ne5 46. Nc6 Nxc6
47. dxc6 Rxc6 48. Rb6 Rc5 49. Rxa6 d5 50. exd5 Rxd5 51. h4 Rb5 52. Kf3 g5 53.
hxg5 hxg5 54. Ra8 Rb3+ 55. Kg2 Ra3 56. a6 Kf6 57. Kf1 Ra2 58. Kg2 Ra3 59. Kf1
Ke5 1/2-1/2

[Event "Campeonato del Mundo sub-20 2010"]
[Site "Chotowa POL"]
[Date "2010.08.05"]
[Round "3.20"]
[White "Hammer, Jon Ludvig"]
[Black "Platzgummer, Fabian"]
[Result "1-0"]
[WhiteElo "2636"]
[BlackElo "2351"]
[PlyCount "123"]
[EventDate "2010.08.03"]
[EventType "swiss"]
[EventRounds "13"]
[EventCountry "POL"]
[Source "lmi"]
[SourceDate "2010.08.03"]

1. d4 d5 2. c4 c6 3. Nf3 Nf6 4. e3 Bf5 5. Nc3 e6 6. Nh4 Be4 7. f3 Bg6 8. Qb3
Qc7 9. Bd2 Be7 10. g3 a6 11. Rc1 dxc4 12. Bxc4 Nbd7 13. a4 O-O 14. O-O e5 15.
Ne2 exd4 16. Nxg6 hxg6 17. Nxd4 a5 18. Rfd1 Qb6 19. Be1 Qxb3 20. Nxb3 Bb4 21.
Bxb4 axb4 22. a5 b6 23. axb6 Nxb6 24. Nd4 c5 25. Nc6 Rfe8 26. e4 Rac8 27. Rd6
Nfd7 28. Bb5 Kf8 29. Rcd1 Rc7 30. Nxb4 cxb4 31. Bxd7 Nxd7 32. Rxd7 Rec8 33.
Rxc7 Rxc7 34. Rd2 g5 35. Kf2 Rc1 36. Ke3 Ke7 37. Rd4 Rc2 38. Rxb4 Rxh2 39. Rb7+
Ke6 40. Rb6+ Ke7 41. Rb7+ Ke6 42. Rb6+ Ke7 43. g4 Rh1 44. Rb5 Re1+ 45. Kd2 Rf1
46. Rb3 Rf2+ 47. Ke3 Rf1 48. Kd2 Rf2+ 49. Kc1 Kd6 50. Rc3 g6 51. Kb1 Ke5 52.
Rd3 f6 53. b4 Rh2 54. b5 Rh7 55. Kc2 Rb7 56. Rb3 Kd4 57. b6 Kc5 58. Kd3 Rxb6
59. Rxb6 Kxb6 60. e5 Kc6 61. exf6 Kd6 62. f4 1-0

[Event "Campeonato del Mundo sub-20 2010"]
[Site "Chotowa POL"]
[Date "2010.08.05"]
[Round "3.21"]
[White "Spoelman, Wouter"]
[Black "Lomsadze, Davit"]
[Result "1/2-1/2"]
[WhiteElo "2580"]
[BlackElo "2364"]
[PlyCount "101"]
[EventDate "2010.08.03"]
[EventType "swiss"]
[EventRounds "13"]
[EventCountry "POL"]
[Source "lmi"]
[SourceDate "2010.08.03"]

1. d4 g6 2. c4 Bg7 3. Nc3 c5 4. d5 Bxc3+ 5. bxc3 Qa5 6. Qc2 f5 7. g3 Nf6 8. Bg2
d6 9. Nh3 Nbd7 10. O-O Nb6 11. e4 fxe4 12. Bg5 Qa4 13. Qxa4+ Nxa4 14. Rfe1 Bd7
15. Bxe4 Kf7 16. Bg2 h6 17. Bc1 Nb6 18. Rb1 Rab8 19. Rb2 Nxc4 20. Rbe2 Rbe8 21.
Nf4 Bf5 22. h4 b5 23. Bf3 Ne5 24. Rxe5 dxe5 25. Rxe5 Bg4 26. Bg2 Rc8 27. f3 Bd7
28. Bf1 c4 29. Ba3 Rhe8 30. Bb4 a5 31. Bxa5 Ra8 32. Bb4 Rxa2 33. Be2 e6 34.
dxe6+ Bxe6 35. Rxb5 Rxe2 36. Nxe2 Bd7 37. Nd4 Be6 38. Ne2 Bd7 39. Nd4 Bxb5 40.
Nxb5 Re2 41. Nd6+ Ke6 42. Nxc4 Nd5 43. Bf8 h5 44. Bg7 Ne7 45. Kf1 Ra2 46. Ne3
Nf5 47. Nxf5 gxf5 48. Bd4 Rc2 49. Kg1 Kd5 50. Kf1 Ke6 51. Kg1 1/2-1/2

[Event "Campeonato del Mundo sub-20 2010"]
[Site "Chotowa POL"]
[Date "2010.08.05"]
[Round "3.23"]
[White "Sethuraman, Sethuraman Panayapp"]
[Black "Zhou, Yang-Fan"]
[Result "0-1"]
[WhiteElo "2513"]
[BlackElo "2348"]
[PlyCount "100"]
[EventDate "2010.08.03"]
[EventType "swiss"]
[EventRounds "13"]
[EventCountry "POL"]
[Source "lmi"]
[SourceDate "2010.08.03"]

1. d4 Nf6 2. c4 g6 3. Nc3 Bg7 4. e4 O-O 5. Nf3 d6 6. h3 e5 7. d5 a5 8. Bg5 Na6
9. Nd2 Nc5 10. g4 c6 11. Be2 Bd7 12. a3 a4 13. Be3 Qa5 14. f3 cxd5 15. cxd5 b5
16. Kf2 Ne8 17. Kg2 f5 18. Rc1 Rb8 19. Na2 Nf6 20. Qc2 Rbc8 21. Nc3 Qd8 22. Qb1
fxe4 23. fxe4 Qe7 24. Qc2 Qd8 25. Qb1 Qe7 26. Nxb5 h5 27. g5 Nh7 28. h4 Bxb5
29. Bxb5 Rf4 30. Bxf4 exf4 31. Be2 Rb8 32. Rxc5 dxc5 33. Nc4 Nxg5 34. hxg5
Qxg5+ 35. Kf1 Bd4 36. Qe1 f3 37. Bxf3 Rf8 38. Rh3 Qg4 39. Qg3 Qg5 40. Qe1 Qg4
41. Qg3 Qxe4 42. Kg2 Qc2+ 43. Kh1 Qb1+ 44. Kh2 Rxf3 45. Nd2 Rxg3 46. Nxb1 Rxh3+
47. Kxh3 Bxb2 48. Nd2 Bxa3 49. Nc4 Bc1 50. d6 Kf7 0-1

[Event "Campeonato del Mundo sub-20 2010"]
[Site "Chotowa POL"]
[Date "2010.08.05"]
[Round "3.24"]
[White "Grandelius, Nils"]
[Black "Straka, Josef Jr"]
[Result "1-0"]
[WhiteElo "2505"]
[BlackElo "2337"]
[PlyCount "111"]
[EventDate "2010.08.03"]
[EventType "swiss"]
[EventRounds "13"]
[EventCountry "POL"]
[Source "lmi"]
[SourceDate "2010.08.03"]

1. e4 e5 2. Nf3 Nf6 3. Nxe5 d6 4. Nf3 Nxe4 5. d4 d5 6. Bd3 Bd6 7. O-O O-O 8. c4
c6 9. Qc2 Na6 10. a3 Bg4 11. Ne5 Bxe5 12. dxe5 Nac5 13. f3 Nxd3 14. Qxd3 Nc5
15. Qd4 Nb3 16. Qxg4 Nxa1 17. Bh6 g6 18. cxd5 Re8 19. Qf4 Qxd5 20. Nc3 Qc5+ 21.
Kh1 Qxe5 22. Qxe5 Rxe5 23. Rxa1 f5 24. Kg1 Rd8 25. Kf2 Kf7 26. Rc1 b6 27. Rc2
Rd7 28. Ne2 c5 29. Bf4 Re8 30. Nc3 a6 31. h3 Re6 32. Bd2 Rd4 33. Ne2 Rd7 34. g4
Red6 35. Bc3 Rd1 36. gxf5 gxf5 37. Ng3 R7d5 38. Ke3 b5 39. Kf4 b4 40. axb4 cxb4
41. Bh8 a5 42. Nxf5 Rd7 43. Rc6 Ra7 44. Bd4 Ra8 45. Rf6+ Ke8 46. Bc5 Kd7 47.
Nd4 Rd2 48. Ke5 Re8+ 49. Kd5 Rxb2 50. Rf7+ Kc8 51. Bb6 Rd2 52. Bxa5 b3 53. Rc7+
Kb8 54. Rc3 Rb2 55. Nxb3 Rg8 56. Bc7+ 1-0

[Event "Campeonato del Mundo sub-20 2010"]
[Site "Chotowa POL"]
[Date "2010.08.05"]
[Round "3.25"]
[White "Anton, Teodor"]
[Black "Piorun, Kacper"]
[Result "0-1"]
[WhiteElo "2350"]
[BlackElo "2499"]
[PlyCount "84"]
[EventDate "2010.08.03"]
[EventType "swiss"]
[EventRounds "13"]
[EventCountry "POL"]
[Source "lmi"]
[SourceDate "2010.08.03"]

1. d4 g6 2. Nf3 Bg7 3. e4 d6 4. Bd3 e6 5. O-O Ne7 6. c3 Nd7 7. Nbd2 b6 8. Re1
O-O 9. Nf1 Bb7 10. Ng3 h6 11. Bd2 c5 12. Qc1 Kh7 13. h4 Nc6 14. Ne2 Nf6 15. b4
cxd4 16. cxd4 e5 17. d5 Ne7 18. Ng3 Bc8 19. a4 Nh5 20. Nxh5 gxh5 21. Ra3 f5 22.
exf5 Bxf5 23. Bxf5+ Nxf5 24. Re4 Rc8 25. Qd1 Qe8 26. Rc3 Qf7 27. Rd3 Nd4 28.
Qe1 Nxf3+ 29. gxf3 Rg8 30. Kf1 Qd7 31. f4 Qxa4 32. Rg3 Qb5+ 33. Qe2 Qxd5 34.
Qd3 Qxd3+ 35. Rxd3 Rgd8 36. fxe5 dxe5 37. Rxd8 Rxd8 38. Bc3 Kg6 39. Ke2 Rc8 40.
Kd3 Kf5 41. f3 b5 42. Bb2 Bf6 0-1

[Event "Campeonato del Mundo sub-20 2010"]
[Site "Chotowa POL"]
[Date "2010.08.05"]
[Round "3.27"]
[White "Cori, Tello Jorge Moises"]
[Black "Schiendorfer, Emanuel"]
[Result "1-0"]
[WhiteElo "2486"]
[BlackElo "2305"]
[PlyCount "81"]
[EventDate "2010.08.03"]
[EventType "swiss"]
[EventRounds "13"]
[EventCountry "POL"]
[Source "lmi"]
[SourceDate "2010.08.03"]

1. d4 Nf6 2. Nf3 d5 3. c4 e6 4. g3 Bb4+ 5. Bd2 a5 6. Bg2 O-O 7. a3 Be7 8. Qc2
c6 9. O-O dxc4 10. Qxc4 b5 11. Qc2 Bb7 12. Nc3 Qb6 13. Bg5 Nbd7 14. Ne4 Nxe4
15. Bxe7 Rfe8 16. Qxe4 Rxe7 17. Ne5 Nxe5 18. Qxe5 Rd8 19. Rad1 b4 20. Qc5 Qxc5
21. dxc5 Red7 22. Rxd7 Rxd7 23. axb4 axb4 24. Ra1 Kf8 25. f4 Ke7 26. Kf2 Kd8
27. Ke3 Kc7 28. Be4 f5 29. Bf3 Rd8 30. Ra4 Rd1 31. Rxb4 Rc1 32. Kd4 Rc2 33. h4
g6 34. Rb6 Rc1 35. b4 Rg1 36. b5 Rd1+ 37. Ke3 Rg1 38. Bxc6 Bxc6 39. Rxc6+ Kd7
40. Ra6 Rxg3+ 41. Kd4 1-0

[Event "Campeonato del Mundo sub-20 2010"]
[Site "Chotowa POL"]
[Date "2010.08.05"]
[Round "3.28"]
[White "Can, Emre"]
[Black "Arun, Karthik Ravichandra"]
[Result "1-0"]
[WhiteElo "2477"]
[BlackElo "2289"]
[PlyCount "77"]
[EventDate "2010.08.03"]
[EventType "swiss"]
[EventRounds "13"]
[EventCountry "POL"]
[Source "lmi"]
[SourceDate "2010.08.03"]

1. e4 d6 2. d4 Nf6 3. Nc3 g6 4. f4 Bg7 5. Nf3 c5 6. Bb5+ Bd7 7. Bxd7+ Nbxd7 8.
d5 O-O 9. Qe2 a6 10. O-O b5 11. e5 dxe5 12. fxe5 Ng4 13. Bf4 b4 14. Na4 Qb8 15.
Rae1 Qb5 16. b3 e6 17. Qd2 exd5 18. h3 g5 19. Bg3 Nh6 20. Qxd5 c4 21. Qd2 Nf5
22. Bh2 Nh4 23. Qxg5 Nxf3+ 24. Rxf3 f6 25. Qh5 fxe5 26. Rfe3 cxb3 27. cxb3 Rac8
28. Qg4 Rc2 29. Bxe5 Nxe5 30. Rxe5 Qd3 31. Rg5 Rc7 32. Qxb4 Kh8 33. Rxg7 Kxg7
34. Nc5 Rxc5 35. Qxc5 Qd2 36. Re7+ Kg8 37. Qe5 Qc1+ 38. Kh2 Qh6 39. Re6 1-0

[Event "Campeonato del Mundo sub-20 2010"]
[Site "Chotowa POL"]
[Date "2010.08.05"]
[Round "3.30"]
[White "Wieczorek, Oskar"]
[Black "Ashwin, Jayaram"]
[Result "1-0"]
[WhiteElo "2316"]
[BlackElo "2454"]
[PlyCount "117"]
[EventDate "2010.08.03"]
[EventType "swiss"]
[EventRounds "13"]
[EventCountry "POL"]
[Source "lmi"]
[SourceDate "2010.08.03"]

1. e4 c5 2. Nf3 d6 3. d4 cxd4 4. Nxd4 Nf6 5. Nc3 a6 6. Be2 e6 7. O-O Be7 8. f4
Qc7 9. a4 Nc6 10. Be3 O-O 11. Kh1 Re8 12. Bd3 Nb4 13. a5 Bd7 14. Qe1 Rac8 15.
Qg3 Nh5 16. Qf3 Nf6 17. Qg3 Bc6 18. f5 e5 19. Nxc6 bxc6 20. Bh6 Bf8 21. Bg5 Qd8
22. Rf3 Rb8 23. Nd1 d5 24. Qh4 h6 25. Rh3 Qd6 26. Nf2 Nxd3 27. cxd3 Nh7 28. Bc1
Rb3 29. exd5 cxd5 30. Ng4 Qb4 31. Bxh6 Be7 32. Qh5 Rxb2 33. Rf1 Rb1 34. Bc1 Bg5
35. Qxh7+ Kf8 36. f6 gxf6 37. Nh6 Ke7 38. Qxf7+ Kd8 39. Qxd5+ Kc7 40. Nf5 Rxc1
41. Rxc1+ Bxc1 42. Qf7+ Kd8 43. Qxf6+ Kc7 44. Qf7+ Kd8 45. Qd5+ Kc7 46. Qf7+
Kd8 47. Qf6+ Kc7 48. Qf7+ Kd8 49. Qd5+ Kc7 50. Rh7+ Kb8 51. Qe4 Bd2 52. h4 Qb1+
53. Kh2 Bf4+ 54. g3 Rc8 55. gxf4 Rc2+ 56. Kh3 Qf1+ 57. Kg4 Rg2+ 58. Kh5 Qd1+
59. Kh6 1-0

[Event "Campeonato del Mundo sub-20 2010"]
[Site "Chotowa POL"]
[Date "2010.08.05"]
[Round "3.31"]
[White "Larmuseau, Maarten"]
[Black "Arnold, Marc Tyler"]
[Result "0-1"]
[WhiteElo "2277"]
[BlackElo "2432"]
[PlyCount "94"]
[EventDate "2010.08.03"]
[EventType "swiss"]
[EventRounds "13"]
[EventCountry "POL"]
[Source "lmi"]
[SourceDate "2010.08.03"]

1. e4 c5 2. Nf3 e6 3. b3 Nc6 4. Bb5 Nge7 5. O-O d6 6. Re1 a6 7. Bf1 g6 8. Bb2
e5 9. Na3 Bg7 10. c3 O-O 11. d4 exd4 12. cxd4 Bg4 13. Nc2 Bxf3 14. Qxf3 Nxd4
15. Nxd4 Bxd4 16. Bxd4 cxd4 17. Red1 Nc6 18. Bc4 Rc8 19. Qf4 Qe7 20. a3 Qe5 21.
g3 b5 22. Bd5 Ne7 23. Qd2 Nxd5 24. exd5 Rc3 25. Rab1 d3 26. Re1 Qf6 27. Qe3
Rfc8 28. Red1 Qf5 29. Qd4 Qe5 30. Rxd3 Rc1+ 31. Rxc1 Rxc1+ 32. Kg2 Qxd4 33.
Rxd4 Rc3 34. a4 Rxb3 35. axb5 axb5 36. h4 Kg7 37. g4 Rc3 38. f3 h5 39. gxh5
gxh5 40. Kg3 Rc1 41. Rd2 Kf6 42. Rd3 b4 43. Rb3 Ke5 44. Re3+ Kxd5 45. Re7 f5
46. Rh7 b3 47. Rb7 f4+ 0-1

[Event "Campeonato del Mundo sub-20 2010"]
[Site "Chotowa POL"]
[Date "2010.08.05"]
[Round "3.32"]
[White "Ivanov, Stojan Lubomirov"]
[Black "Leniart, Arkadiusz"]
[Result "1/2-1/2"]
[WhiteElo "2223"]
[BlackElo "2423"]
[PlyCount "66"]
[EventDate "2010.08.03"]
[EventType "swiss"]
[EventRounds "13"]
[EventCountry "POL"]
[Source "lmi"]
[SourceDate "2010.08.03"]

1. e4 e5 2. Nf3 Nc6 3. Bb5 a6 4. Ba4 Nf6 5. O-O Be7 6. Re1 d6 7. c3 Bg4 8. d3
Nd7 9. Nbd2 Nc5 10. Bc2 Ne6 11. Nf1 Ng5 12. Bxg5 Bxg5 13. h3 Bh5 14. Ng3 Bxf3
15. Qxf3 g6 16. Bb3 O-O 17. a3 Kh8 18. Rad1 Bf6 19. Nf1 Bg7 20. Ne3 Qd7 21. h4
f5 22. Qh3 Bh6 23. h5 Qg7 24. hxg6 Bxe3 25. fxe3 Qxg6 26. exf5 Rxf5 27. Rf1
Raf8 28. Rxf5 Qxf5 29. Qxf5 Rxf5 30. Rf1 Ne7 31. Rxf5 Nxf5 32. Kf2 Kg7 33. Be6
Ne7 1/2-1/2

[Event "Campeonato del Mundo sub-20 2010"]
[Site "Chotowa POL"]
[Date "2010.08.05"]
[Round "3.33"]
[White "Tran, Ngoc Lan"]
[Black "Firat, Burak"]
[Result "0-1"]
[WhiteElo "2218"]
[BlackElo "2420"]
[PlyCount "119"]
[EventDate "2010.08.03"]
[EventType "swiss"]
[EventRounds "13"]
[EventCountry "POL"]
[Source "lmi"]
[SourceDate "2010.08.03"]

1. e4 c5 2. Nc3 a6 3. a4 e6 4. g3 Nc6 5. Bg2 Nf6 6. Nge2 d6 7. d4 cxd4 8. Nxd4
Bd7 9. O-O Be7 10. Nxc6 Bxc6 11. b4 O-O 12. Be3 Qc7 13. Rb1 Rfc8 14. Rb3 Be8
15. Re1 Nd7 16. Bd4 Ne5 17. f4 Nc6 18. Bf2 Nxb4 19. Rxb4 Qxc3 20. Rxb7 Bf8 21.
f5 Bxa4 22. fxe6 fxe6 23. Qg4 e5 24. Qe6+ Kh8 25. Bh3 Rc7 26. Reb1 Rxb7 27.
Rxb7 Qa1+ 28. Bf1 Bxc2 29. Qc4 Ba4 30. Qb4 Bb5 31. Be1 d5 32. Qd2 Bxf1 33. Kxf1
dxe4 34. Rd7 Qa3 35. Qd5 Qf3+ 36. Kg1 Rc8 37. Rd8 Rxd8 38. Qxd8 e3 39. h4 e2
40. Kh2 h6 41. Qe8 Qf5 42. Qa8 Qf6 43. h5 Qf5 44. g4 Qf4+ 45. Kg2 e4 46. Qc8
Kh7 47. Qf5+ Qxf5 48. gxf5 Bc5 49. Kg3 Bg1 50. Kf4 e3 51. Kf3 Bf2 52. Bxf2 exf2
53. Kxf2 Kg8 54. Kxe2 Kf7 55. Kd3 Kf6 56. Ke4 a5 57. Kd5 Kxf5 58. Kc5 Kg5 59.
Kb5 Kxh5 60. Kxa5 0-1

[Event "Campeonato del Mundo sub-20 2010"]
[Site "Chotowa POL"]
[Date "2010.08.05"]
[Round "3.34"]
[White "Golichenko, Ilija"]
[Black "Sagar, Shah Dharmendra"]
[Result "1-0"]
[WhiteElo "2419"]
[BlackElo "2285"]
[PlyCount "81"]
[EventDate "2010.08.03"]
[EventType "swiss"]
[EventRounds "13"]
[EventCountry "POL"]
[Source "lmi"]
[SourceDate "2010.08.03"]

1. d4 Nf6 2. c4 e6 3. Nc3 Bb4 4. Qc2 O-O 5. a3 Bxc3+ 6. Qxc3 d5 7. Nf3 dxc4 8.
Qxc4 b6 9. g3 Bb7 10. Bg2 Bd5 11. Qc2 Nc6 12. Be3 Rc8 13. O-O Bxf3 14. exf3
Nxd4 15. Qa4 c5 16. Rfd1 Qc7 17. Bxd4 cxd4 18. Rxd4 Qc2 19. Qxa7 Qxb2 20. Rad1
Rc2 21. Rb4 Qa2 22. Rxb6 Rxf2 23. Bf1 Rc2 24. Rb8 g6 25. Rdd8 Rxd8 26. Rxd8+
Kg7 27. Qe7 Nd5 28. Qf8+ Kf6 29. Rd7 Ke5 30. Rxf7 Rxh2 31. Qh8+ Kd6 32. Qb8+
Kc6 33. Qb5+ Kd6 34. Rd7+ Ke5 35. Qb8+ Kd4 36. Qb4+ Ke5 37. Qe4+ Kf6 38. Qd4+
Kg5 39. Rxd5+ Qxd5 40. Qf4+ Kh5 41. g4+ 1-0

[Event "Campeonato del Mundo sub-20 2010"]
[Site "Chotowa POL"]
[Date "2010.08.05"]
[Round "3.36"]
[White "Hamitevici, Vladimir"]
[Black "Smola, Michal"]
[Result "1-0"]
[WhiteElo "2411"]
[BlackElo "2220"]
[PlyCount "91"]
[EventDate "2010.08.03"]
[EventType "swiss"]
[EventRounds "13"]
[EventCountry "POL"]
[Source "lmi"]
[SourceDate "2010.08.03"]

1. d4 d6 2. e4 e5 3. Nf3 exd4 4. Qxd4 Nf6 5. Bg5 Be7 6. Nc3 O-O 7. Be2 Nc6 8.
Qd2 Be6 9. O-O Nd7 10. Bf4 Nde5 11. Nd5 Nxf3+ 12. Bxf3 Ne5 13. Be2 c6 14. Nxe7+
Qxe7 15. b3 Rfd8 16. Rad1 h6 17. Bg3 f5 18. exf5 Bxf5 19. c4 d5 20. Qf4 Nf7 21.
Bf3 Be4 22. cxd5 cxd5 23. Bxe4 dxe4 24. Rfe1 Qb4 25. h3 Rxd1 26. Rxd1 Re8 27.
Qe3 Qa3 28. Qe2 Qc5 29. Bh2 Qf5 30. Qc4 Rc8 31. Qa4 a6 32. Re1 Ng5 33. h4 Nh7
34. Qxe4 Qxe4 35. Rxe4 Nf6 36. Rd4 Rc2 37. a4 b5 38. f3 bxa4 39. bxa4 Ra2 40.
Bc7 Kf7 41. a5 Ke7 42. Rd8 Ne8 43. Bb6 Nd6 44. Ra8 Nf5 45. h5 Nh4 46. Bd8+ 1-0

[Event "Campeonato del Mundo sub-20 2010"]
[Site "Chotowa POL"]
[Date "2010.08.05"]
[Round "3.37"]
[White "Zysko, Jan"]
[Black "Bajarani, Ulvi"]
[Result "0-1"]
[WhiteElo "2210"]
[BlackElo "2409"]
[PlyCount "77"]
[EventDate "2010.08.03"]
[EventType "swiss"]
[EventRounds "13"]
[EventCountry "POL"]
[Source "lmi"]
[SourceDate "2010.08.03"]

1. e4 c5 2. Nf3 d6 3. d4 cxd4 4. Nxd4 Nf6 5. Nc3 a6 6. Be3 e5 7. Nf3 Qc7 8. Be2
Be7 9. O-O O-O 10. a4 Nbd7 11. a5 Nc5 12. Nd5 Nxd5 13. exd5 Bf5 14. c4 e4 15.
Nd4 Bg6 16. b3 Rac8 17. Qd2 Bf6 18. Ra3 Rfe8 19. Nc2 Bb2 20. Ra2 Be5 21. Rb1 f5
22. Bd4 f4 23. Bxe5 e3 24. fxe3 fxe3 25. Qd4 Rxe5 26. b4 Nd7 27. Rb3 Rce8 28.
Nxe3 Re4 29. Qd2 Ne5 30. Rc3 Qe7 31. Nf1 Qf6 32. Raa3 Rf8 33. Qe1 Bh5 34. Re3
Bxe2 35. Rxe2 Rf4 36. Ra1 Nd3 37. Qd1 Qd4+ 38. Ne3 Re4 39. Qd2 0-1

[Event "Campeonato del Mundo sub-20 2010"]
[Site "Chotowa POL"]
[Date "2010.08.05"]
[Round "3.39"]
[White "Fernandez, Daniel Howard"]
[Black "Podolsky, Anton"]
[Result "1-0"]
[WhiteElo "2401"]
[BlackElo "2190"]
[PlyCount "67"]
[EventDate "2010.08.03"]
[EventType "swiss"]
[EventRounds "13"]
[EventCountry "POL"]
[Source "lmi"]
[SourceDate "2010.08.03"]

1. e4 e5 2. Nf3 Nc6 3. Bc4 Nf6 4. Ng5 d5 5. exd5 Na5 6. Bb5+ c6 7. dxc6 bxc6 8.
Be2 h6 9. Nf3 e4 10. Ne5 Qd4 11. f4 Be6 12. c3 Qb6 13. Qa4 Rc8 14. Na3 Bxa3 15.
Qxa3 Nd7 16. Nxd7 Kxd7 17. b3 g5 18. fxg5 hxg5 19. Bb2 Nb7 20. c4 Rxh2 21. Rxh2
Qg1+ 22. Bf1 Qxh2 23. Qxa7 Qg3+ 24. Qf2 Qd6 25. d4 f5 26. O-O-O f4 27. Qc2 Bf5
28. c5 Qf8 29. Ba6 e3 30. Qc3 Bh7 31. d5 cxd5 32. Bxb7 Rxc5 33. Rxd5+ Rxd5 34.
Qc6+ 1-0

[Event "Campeonato del Mundo sub-20 2010"]
[Site "Chotowa POL"]
[Date "2010.08.05"]
[Round "3.43"]
[White "Narmontas, Matas"]
[Black "Pagerka, Martin"]
[Result "0-1"]
[WhiteElo "2379"]
[BlackElo "2215"]
[PlyCount "80"]
[EventDate "2010.08.03"]
[EventType "swiss"]
[EventRounds "13"]
[EventCountry "POL"]
[Source "lmi"]
[SourceDate "2010.08.03"]

1. e4 e5 2. Nc3 Nf6 3. f4 d5 4. fxe5 Nxe4 5. Nf3 Be7 6. d4 c5 7. Bd3 Nxc3 8.
bxc3 c4 9. Be2 Bh4+ 10. Nxh4 Qxh4+ 11. g3 Qh3 12. Bf3 Be6 13. Rb1 Nd7 14. Rxb7
O-O 15. Ba3 Rfb8 16. Rc7 Rb5 17. Rxc4 a5 18. Rc7 Rab8 19. Kf2 Nb6 20. Bd6 Rb2
21. Rc6 Rb7 22. Qe2 Bf5 23. Rc1 Qxh2+ 24. Bg2 Be4 25. Kf1 Qxg3 26. Bxe4 Qf4+
27. Kg2 Qxc1 28. Qg4 Qd2+ 29. Kh3 Qh6+ 30. Kg2 Rb8 31. Bxb8 Qxc6 32. Qh4 g6 33.
Qd8+ Kg7 34. Bd3 Nd7 35. Bf5 Qxc3 36. e6 Qd2+ 37. Kf3 Qd1+ 38. Kg2 Qe2+ 39. Kg3
Qe3+ 40. Kg2 gxf5 0-1

[Event "Campeonato del Mundo sub-20 2010"]
[Site "Chotowa POL"]
[Date "2010.08.05"]
[Round "3.44"]
[White "Barski, Radoslaw"]
[Black "Krzyzanowski, Marcin"]
[Result "0-1"]
[WhiteElo "2290"]
[BlackElo "2377"]
[PlyCount "96"]
[EventDate "2010.08.03"]
[EventType "swiss"]
[EventRounds "13"]
[EventCountry "POL"]
[Source "lmi"]
[SourceDate "2010.08.03"]

1. e4 c5 2. Nf3 d6 3. d4 cxd4 4. Nxd4 Nf6 5. Nc3 a6 6. Bg5 Nbd7 7. f4 Qc7 8.
Qf3 h6 9. Bxf6 Nxf6 10. Bd3 Bd7 11. h3 Qb6 12. Nb3 e6 13. O-O-O O-O-O 14. e5
Bc6 15. Qe2 Nd7 16. Rhf1 d5 17. f5 Bb4 18. fxe6 fxe6 19. Nb1 Ba4 20. N1d2 Kb8
21. Nf3 Rc8 22. Nfd4 Rc7 23. Kb1 Rhc8 24. Bg6 a5 25. Rf7 Bf8 26. Rf4 Rc4 27. c3
Nc5 28. Bc2 Bd7 29. Nxc5 R4xc5 30. Rf7 R5c7 31. Bd3 a4 32. Rdf1 Bc5 33. Bb5
Bxd4 34. Bxd7 Rd8 35. Bxa4 Rxf7 36. Rxf7 Bxc3 37. Bb5 d4 38. Qd3 Rd5 39. a4 Qc5
40. bxc3 dxc3 41. Qc4 Rd1+ 42. Kc2 Rd2+ 43. Kb3 Rb2+ 44. Kxc3 Qxe5+ 45. Kd3
Qe2+ 46. Kd4 Rd2+ 47. Kc5 Qe3+ 48. Kb4 Rb2+ 0-1

[Event "Campeonato del Mundo sub-20 2010"]
[Site "Chotowa POL"]
[Date "2010.08.05"]
[Round "3.45"]
[White "Swiech, Przemyslaw"]
[Black "Dimitrov, Pavel"]
[Result "1/2-1/2"]
[WhiteElo "2166"]
[BlackElo "2365"]
[PlyCount "124"]
[EventDate "2010.08.03"]
[EventType "swiss"]
[EventRounds "13"]
[EventCountry "POL"]
[Source "lmi"]
[SourceDate "2010.08.03"]

1. d4 d5 2. c4 c6 3. Nc3 Nf6 4. Nf3 a6 5. e3 g6 6. Bd3 Bg7 7. O-O O-O 8. a4
Nbd7 9. cxd5 cxd5 10. b4 Re8 11. Bb2 e5 12. dxe5 Nxe5 13. Nxe5 Rxe5 14. Ne2 Rh5
15. Nf4 Rh4 16. g3 Rh6 17. Rc1 Bh3 18. Nxh3 Rxh3 19. Be2 Qd6 20. Qb3 Rh6 21.
Bf3 Qe6 22. Bxf6 Bxf6 23. Qxd5 Qh3 24. Rfd1 Rf8 25. Qxb7 g5 26. Qe4 Qxh2+ 27.
Kf1 Qh3+ 28. Ke2 Qe6 29. Qxe6 fxe6 30. Be4 Bb2 31. Rh1 Rxh1 32. Rxh1 Rb8 33.
Bxh7+ Kg7 34. Bc2 Rxb4 35. Rh7+ Kf6 36. Ra7 Rc4 37. Kd1 Rc6 38. Bd3 Rc1+ 39.
Ke2 Rc6 40. Kf3 Bc3 41. Bxa6 Be1 42. Ke2 Bb4 43. Bd3 g4 44. Rh7 Rc1 45. Rh6+
Ke5 46. f4+ gxf3+ 47. Kxf3 Rc3 48. Rh5+ Kd6 49. Rb5 Bc5 50. Ke4 Ra3 51. a5 Ra4+
52. Kf3 Ra3 53. Bf1 Bxe3 54. Kg2 Bd4 55. g4 e5 56. g5 e4 57. Bc4 Bc3 58. g6 Bf6
59. a6 Ra4 60. Rd5+ Ke7 61. Rd7+ Kxd7 62. Bb5+ Ke7 1/2-1/2

[Event "Campeonato del Mundo sub-20 2010"]
[Site "Chotowa POL"]
[Date "2010.08.05"]
[Round "3.46"]
[White "Pavlidis, Anastasios"]
[Black "Lukovic, Vladimir"]
[Result "1/2-1/2"]
[WhiteElo "2359"]
[BlackElo "2130"]
[PlyCount "87"]
[EventDate "2010.08.03"]
[EventType "swiss"]
[EventRounds "13"]
[EventCountry "POL"]
[Source "lmi"]
[SourceDate "2010.08.03"]

1. d4 d5 2. c4 c6 3. Nf3 Nf6 4. Nc3 a6 5. c5 Nbd7 6. Bf4 Nh5 7. Bd2 Nhf6 8. Rc1
Qc7 9. g3 e5 10. Nxe5 Nxe5 11. dxe5 Ng4 12. Na4 Nxe5 13. Nb6 Rb8 14. Nxc8 Rxc8
15. h4 Nc4 16. Bh3 Rd8 17. Bf4 Qa5+ 18. Kf1 Bxc5 19. h5 h6 20. Rc2 Qb6 21. b3
Nd6 22. Qc1 Bd4 23. Qa3 Ne4 24. e3 Bc5 25. Qb2 O-O 26. f3 Nd6 27. Qc1 Qb5+ 28.
Kf2 Bb6 29. Bf1 Qa5 30. Bd3 f5 31. Be5 d4 32. Bxd4 Bxd4 33. exd4 f4 34. gxf4
Nf5 35. Rd1 Nxd4 36. Rc5 Qc7 37. Qc4+ Kh8 38. Be4 Nb5 39. Rxd8 Qxd8 40. Bd3 Nd6
41. Qd4 Qh4+ 42. Kg2 Qxf4 43. Qxf4 Rxf4 44. Re5 1/2-1/2